Общая технология резины: учебное пособие

Bibliographic Details
Main Author: Глазунов Г. И.
Language:Russian
Published: Москва, Госхимиздат, 1949
Subjects:
Format: MixedMaterials Book
KOHA link:https://koha.lib.tpu.ru/cgi-bin/koha/opac-detail.pl?biblionumber=74322

MARC

LEADER 00000nam0a2200000 4500
001 74322
005 20231031085158.0
035 |a (RuTPU)RU\TPU\book\79261 
090 |a 74322 
100 |a 20050302d1949 m y0rusy50 ca 
101 0 |a rus 
102 |a RU 
105 |a a j 001zy 
200 1 |a Общая технология резины  |e учебное пособие  |f Г. И. Глазунов 
210 |a Москва  |a Ленинград  |c Госхимиздат  |d 1949 
215 |a 223 с.  |c ил. 
320 |a Предметный указатель: с. 215-220. 
610 1 |a учебники 
610 1 |a резина 
610 1 |a технология резины 
610 1 |a резиновая промышленность 
610 1 |a каучуки 
675 |a 678(075.32)  |v 3 
700 1 |a Глазунов  |b Г. И. 
801 1 |a RU  |b 63413507  |c 20050302  |g PSBO 
801 2 |a RU  |b 63413507  |c 20160617  |g PSBO 
942 |c BK